书目信息 |
| 题名: |
遗鸥研究与保护
|
|
| 作者: | 苗春林 主编 | |
| 分册: | ||
| 出版信息: | 北京 中国林业出版社 2014 |
|
| 页数: | 235页 | |
| 开本: | 26cm | |
| 丛书名: | ||
| 单 册: | ||
| 中图分类: | Q959.7 | |
| 科图分类: | ||
| 主题词: | 鸥形目--研究 , 鸥形目--动物保护 | |
| 电子资源: | ||
| ISBN: | 978-7-5038-7449-9 | |
| 000 | 00973nam0 2200277 450 | |
| 001 | 012015000727 | |
| 005 | 20150914160139.40 | |
| 010 | @a978-7-5038-7449-9@dCNY128.00 | |
| 100 | @a20141102d2014 em y0chiy50 ea | |
| 101 | 0 | @achi |
| 102 | @aCN@b110000 | |
| 105 | @aa z 000yy | |
| 106 | @ar | |
| 200 | 1 | @a遗鸥研究与保护@9yi ou yan jiu yu bao hu@f苗春林主编 |
| 210 | @a北京@c中国林业出版社@d2014 | |
| 215 | @a235页@c图@d26cm | |
| 300 | @a国家自然科学基金项目 | |
| 312 | @a封面英文题名:Ichthyaetus relictus research and conservation | |
| 330 | @a本书囊括了国内关于遗鸥的所有文献,通过对遗鸥、尤其是对遗鸥鄂尔多斯亚群20多年来持续不断的野外跟踪研究,展现出遗鸥在中国境内的分布格局与群体发展状况。 | |
| 510 | 1 | @aIchthyaetus relictus research and conservation@zeng |
| 606 | 0 | @a鸥形目@x研究 |
| 606 | 0 | @a鸥形目@x动物保护 |
| 690 | @aQ959.7@v5 | |
| 701 | 0 | @a苗春林@9miao chun lin@4主编 |
| 801 | 0 | @aCN@b碧洲教育@c20150718 |
| 905 | @a10447@f3@dQ959.7@e147 | |
| 遗鸥研究与保护/苗春林主编.-北京:中国林业出版社,2014 |
| 235页:图;26cm |
| 国家自然科学基金项目 |
| ISBN 978-7-5038-7449-9:CNY128.00 |
| 本书囊括了国内关于遗鸥的所有文献,通过对遗鸥、尤其是对遗鸥鄂尔多斯亚群20多年来持续不断的野外跟踪研究,展现出遗鸥在中国境内的分布格局与群体发展状况。 |
| ● |
| 相关链接 |
|
|
|
|
正题名:遗鸥研究与保护
索取号:Q959.7/147
 
预约/预借
| 序号 | 登录号 | 条形码 | 馆藏地/架位号 | 状态 | 备注 |
| 1 | 0848282 | 208482827 | 第二样本阅览室/ [索取号:Q959.7/147] | 在馆 | |
| 2 | 0848283 | 208482836 | 第三借阅区/ [索取号:Q959.7/147] | 在馆 | |
| 3 | 0848284 | 208482845 | 第三借阅区/ [索取号:Q959.7/147] | 在馆 |